000 00755nam a2200205 a 4500
008 060316s1984 ||||||||||||||||| || u
020 _a0521242347
050 _aQA 311 Sch
100 _aSchikhof, Wilhelmus Hendricus
245 1 0 _aUltrametric calculus : an introduction to p-adic analysis /
260 _aCambridge [Cambridgeshire] ;New York :
_bCambridge University Press
_c1984
300 _axi, 306 p.
350 _a0.00
490 _aCambridge studies in advanced mathematics
490 _v4
500 _aBibliography: p. 301.
650 0 _aCALCULUS
650 _ap-adic analysis
995 _D0.00
_FCBU-MAIN LIBRARY (Kitwe)
_H1
_I30.00
_M1
_UAVAILABLE
_ZAnnex Low-Usage Collection
999 _c60572
_d60572